000 00344nam a2200133Ia 4500
005 20260328104244.0
008 260328s9999||||xx |||||||||||||| ||und||
100 _aRichards, J.M.
245 0 _aIntroducción a la Arquitectura Moderna /
_cJ.M. Richards
260 _bInfinito
300 _a158 p.
650 _aEDAD Contemporánea
942 _cBK
999 _c10015
_d10015